Statistics for 两晋十六国政权

Click here to take the quiz!

General Stats

  • This quiz has been taken 24 times
    (12 since last reset)
  • The average score is 18 of 29

Answer Stats

Answer% Correct
后秦
100%
前秦
100%
北燕
91%
前凉
82%
后凉
82%
北凉
82%
南凉
82%
西燕
82%
后燕
82%
前燕
82%
南燕
73%
胡夏/大夏
73%
成汉
73%
后赵
73%
汉赵/前赵
73%
西凉
73%
64%
西晋
64%
东晋
64%
冉魏
64%
西秦
55%
翟魏
45%
谯蜀
36%
桓楚
27%
吐谷浑
18%
前仇池
9%
后仇池
9%
宕昌
9%
邓至/白水羌
9%

Score Distribution

Percentile by Number Answered

Percent of People with Each Score

Your Score History

You have not taken this quiz since the last reset